Effect of an oil drench on the growth of local and zebu cattle fed urea, lime treated rice straw and ensiled cassava foliage in uta, ឥទ្ធិពលរបស់ចំបើងនឹងស្លឹកដំឡូងឈើផ្អាប់ដោយបញ្រកប្រេងរុក្ខជាតិទៅលើការលូតលាស់របស់គោក្នុងស្រុក និង ZEBU នៅ UTA (Record no. 1837)
[ view plain ]
| 000 -LEADER | |
|---|---|
| fixed length control field | 00795nam a22001577a 4500 |
| 003 - CONTROL NUMBER IDENTIFIER | |
| control field | OSt |
| 005 - DATE AND TIME OF LATEST TRANSACTION | |
| control field | 20151003163049.0 |
| 008 - FIXED-LENGTH DATA ELEMENTS--GENERAL INFORMATION | |
| fixed length control field | 151003b xxu||||| |||| 00| 0 eng d |
| 040 ## - CATALOGING SOURCE | |
| Transcribing agency | RUA |
| 082 ## - DEWEY DECIMAL CLASSIFICATION NUMBER | |
| Classification number | AVM CHE 2002 B072 Or.1 |
| 100 ## - MAIN ENTRY--PERSONAL NAME | |
| 9 (RLIN) | 1938 |
| Personal name | CHEA, SIMETH. |
| 245 ## - TITLE STATEMENT | |
| Title | Effect of an oil drench on the growth of local and zebu cattle fed urea, lime treated rice straw and ensiled cassava foliage in uta, ឥទ្ធិពលរបស់ចំបើងនឹងស្លឹកដំឡូងឈើផ្អាប់ដោយបញ្រកប្រេងរុក្ខជាតិទៅលើការលូតលាស់របស់គោក្នុងស្រុក និង ZEBU នៅ UTA |
| 260 ## - PUBLICATION, DISTRIBUTION, ETC. (IMPRINT) | |
| Place of publication, distribution, etc. | Phnom Penh |
| Name of publisher, distributor, etc. | RUA |
| Date of publication, distribution, etc. | 2002 |
| 300 ## - PHYSICAL DESCRIPTION | |
| Extent | vii; 32p. |
| Other physical details | ill. |
| Dimensions | 29cm. |
| 942 ## - ADDED ENTRY ELEMENTS (KOHA) | |
| Source of classification or shelving scheme | |
| Koha item type | AVM |
| Price effective from | Date last seen | Permanent Location | Not for loan | Date acquired | Source of classification or shelving scheme | Koha item type | Lost status | Withdrawn status | Date last checked out | Total Checkouts | Shelving location | Damaged status | Barcode | Current Location | Full call number |
|---|---|---|---|---|---|---|---|---|---|---|---|---|---|---|---|
| 2015-10-03 | 2016-08-02 | Library Block B | 2015-10-03 | AVM | 2016-07-27 | 2 | B072 | RUA017411 | Library Block B | AVM CHE 2002 B072 Or.1 | |||||
| 2015-10-03 | 2015-10-03 | Library Block B | 2015-10-03 | AVM | B072 | RUA017034 | Library Block B | AVM CHE 2002 B072 Or.2 | |||||||
| 2015-10-03 | 2015-10-03 | Library Block B | 2015-10-03 | AVM | B072 | RUA017390 | Library Block B | AVM CHE 2002 B072 Or.3 | |||||||
| 2015-10-03 | 2025-02-27 | Library Block B | 2015-10-03 | AVM | 2025-02-22 | 1 | B072 | RUA016964 | Library Block B | AVM CHE 2002 B072 Or.4 | |||||
| 2015-10-03 | 2015-10-03 | Library Block B | 2015-10-03 | AVM | B072 | RUA017772 | Library Block B | AVM CHE 2002 B072 Or.5 |